[Event "DEM U12/U12w 2010"]
[Site "Oberhof GER"]
[Date "2010.05.27"]
[Round "8"]
[White "Klöckner, Connor"]
[Black "Bohnert, Dominik"]
[Result "1-0"]
[Termination "normal"]
[Board "24"]
[WhiteElo "1543"]
[BlackElo "1370"]
[PlyCount "135"]
[BlackFideId "12918075"]
[EventCountry "GER"]
[EventRounds "11"]
[EventType "swiss"]
[EventDate "2010.05.22"]

1. d4 d5 2. Nf3 Nf6 3. e3 c5 4. c3 Nc6 5. Bd3 Bg4 6. h3 Bh5 7. Nbd2 e5 8. dxe5
Nxe5 9. Qa4+ Nc6 10. Ne5 c4 11. Bc2 Qc7 12. f4 Bd6 13. Nxc6 bxc6 14. g4 Bxg4
15. hxg4 Nxg4 16. Nf3 Nf6 17. Nd4 Nd7 18. Qxc6 Qxc6 19. Nxc6 h6 20. Bd2 O-O 21.
Kf2 Rfc8 22. Nd4 Rab8 23. b4 a5 24. b5 Bc5 25. a4 Nf6 26. Rag1 Kf8 27. Nf5 Ne8
28. Kf3 Rb6 29. Rh2 Rc7 30. Rhg2 f6 31. Nh4 Re6 32. Ng6+ Kg8 33. Bf5 Rb6 34.
Rh1 Kf7 35. Rg3 Rbb7 36. Rd1 Rb6 37. Be1 Rd6 38. Bf2 Ba3 39. e4 dxe4+ 40. Ke2
Rxd1 41. Kxd1 Nd6 42. Bh3 e3 43. Bxe3 Ne4 44. Rg1 Nxc3+ 45. Kc2 Nxa4 46. Ra1
Bc5 47. Bxc5 Nxc5 48. f5 Rb7 49. Kc3 Rd7 50. Kxc4 Ne4 51. Re1 Nd2+ 52. Kc5 a4
53. Bg2 a3 54. Bd5+ Rxd5+ 55. Kxd5 a2 56. b6 Nf3 57. Ra1 Ne5 58. Rxa2 Nd7 59.
Kc6 Nxb6 60. Kxb6 h5 61. Ra7+ Ke8 62. Rxg7 h4 63. Nxh4 Kf8 64. Rh7 Ke8 65. Kc6
Kd8 66. Ng6 Ke8 67. Kd6 Kd8 68. Rh8# 1-0

[Event "DEM U12/U12w 2010"]
[Site "Oberhof GER"]
[Date "2010.05.27"]
[Round "8"]
[White "Schnepper, Pauline"]
[Black "Borukhson, David"]
[Result "1-0"]
[Termination "normal"]
[Board "25"]
[WhiteElo "1536"]
[BlackElo "1414"]
[PlyCount "143"]
[WhiteFideId "12918040"]
[EventCountry "GER"]
[EventRounds "11"]
[EventType "swiss"]
[EventDate "2010.05.22"]

1. e4 c5 2. Nc3 e6 3. g3 d5 4. d3 Nc6 5. Bg2 Nf6 6. f4 d4 7. Nce2 e5 8. f5 b5
9. a4 Ba6 10. axb5 Bxb5 11. Nf3 c4 12. O-O Qb6 13. Kh1 a5 14. Ne1 Qa6 15. Bf3
Nb4 16. dxc4 Bxc4 17. Rf2 Rd8 18. Rg2 d3 19. cxd3 Nxd3 20. Nxd3 Rxd3 21. Qa4+
Bb5 22. Qxa5 Rxf3 23. Qxa6 Bxa6 24. Rxa6 Nxe4 25. h3 Rxf5 26. b4 Nf2+ 27. Kh2
Nd3 28. b5 Nxc1 29. Nxc1 Kd7 30. Ra8 e4 31. Re2 Rxb5 32. Rxe4 Rb2+ 33. Ne2 g6
34. Ra7+ Kd6 35. Rxf7 Bh6 36. Kg2 Bd2 37. Kf2 Kd5 38. Rd4+ Ke5 39. Re7+ Kf6 40.
Red7 Ba5 41. R4d6+ Kg5 42. Rd5+ Kh6 43. Rxa5 Rf8+ 44. Ke1 Re8 45. Rd2 Rb1+ 46.
Kf2 Rf8+ 47. Ke3 Rb3+ 48. Kd4 Rd8+ 49. Rd5 Rc8 50. Ke4 Re8+ 51. Re5 Rb4+ 52.
Rd4 Rb2 53. Nf4 Reb8 54. g4 Rb1 55. g5+ Kg7 56. Rd7+ Kg8 57. Kd5 Rd1+ 58. Ke6
Rb6+ 59. Ke7 Rxd7+ 60. Kxd7 Rb8 61. Re8+ Rxe8 62. Kxe8 Kg7 63. Nd5 h6 64. h4
hxg5 65. hxg5 Kg8 66. Nf4 Kg7 67. Ke7 Kh7 68. Kf7 Kh8 69. Nxg6+ Kh7 70. Nf8+
Kh8 71. Nd7 Kh7 72. g6+ 1-0

[Event "DEM U12/U12w 2010"]
[Site "Oberhof GER"]
[Date "2010.05.27"]
[Round "8"]
[White "Heldt, Ronny"]
[Black "Brandl, Lea"]
[Result "1-0"]
[Termination "normal"]
[Board "26"]
[WhiteElo "1584"]
[BlackElo "1529"]
[PlyCount "71"]
[WhiteFideId "12903973"]
[BlackFideId "24693049"]
[EventCountry "GER"]
[EventRounds "11"]
[EventType "swiss"]
[EventDate "2010.05.22"]

1. d4 d5 2. c4 e6 3. Nc3 Nf6 4. cxd5 exd5 5. Bg5 Nbd7 6. e3 Be7 7. Bd3 c6 8.
Nge2 O-O 9. Qc2 Re8 10. O-O Nf8 11. f3 Ng6 12. Rad1 Nh5 13. Bxe7 Rxe7 14. e4
dxe4 15. fxe4 Nf6 16. h3 Rd7 17. Kh1 b6 18. b4 Bb7 19. b5 c5 20. d5 Ne5 21. Ng1
Rd6 22. Nf3 Nfd7 23. Nxe5 Nxe5 24. Rf5 f6 25. Rg1 Bc8 26. Rf2 Qe8 27. Be2 Qg6
28. g4 Qh6 29. Qc1 Qh4 30. Rh2 Rd7 31. Qe1 Qh6 32. Qg3 Qg6 33. g5 Rb8 34. gxf6
Qxf6 35. Rf2 Qh6 36. Qxe5 1-0

[Event "DEM U12/U12w 2010"]
[Site "Oberhof GER"]
[Date "2010.05.27"]
[Round "8"]
[White "Heinemann, Josefine"]
[Black "Bykov, Ilya"]
[Result "1-0"]
[Termination "normal"]
[Board "27"]
[WhiteElo "1376"]
[BlackElo "1477"]
[PlyCount "57"]
[WhiteFideId "12900460"]
[BlackFideId "12918059"]
[EventCountry "GER"]
[EventRounds "11"]
[EventType "swiss"]
[EventDate "2010.05.22"]

1. e4 c5 2. Nf3 d6 3. d4 cxd4 4. Nxd4 Nf6 5. Nc3 g6 6. Be3 Bg7 7. Bc4 O-O 8. f3
Bd7 9. Qd2 Nc6 10. O-O-O Rc8 11. Bb3 Ne5 12. Kb1 Nc4 13. Bxc4 Rxc4 14. g4 b5
15. Ndxb5 Bxb5 16. Nxb5 Nxe4 17. fxe4 Qb8 18. Nd4 Rfc8 19. Rc1 d5 20. exd5 Qe5
21. c3 Qe4+ 22. Ka1 Qxg4 23. Qe2 Qd7 24. Nc6 Re4 25. Qf3 Ra4 26. Bc5 Rxc6 27.
dxc6 Qe6 28. Ba3 Rc4 29. Rhe1 1-0

[Event "DEM U12/U12w 2010"]
[Site "Oberhof GER"]
[Date "2010.05.27"]
[Round "8"]
[White "Samietz, Jannick"]
[Black "Zahn, Alina"]
[Result "0-1"]
[Termination "normal"]
[Board "28"]
[WhiteElo "1362"]
[BlackElo "1550"]
[PlyCount "118"]
[WhiteFideId "12918091"]
[BlackFideId "24696730"]
[EventCountry "GER"]
[EventRounds "11"]
[EventType "swiss"]
[EventDate "2010.05.22"]

1. d4 d5 2. c4 e6 3. Nc3 Nf6 4. Bg5 Nbd7 5. e3 Be7 6. Nf3 O-O 7. Bd3 dxc4 8.
Bxc4 b6 9. Qb3 Bb7 10. O-O-O a6 11. Ne5 b5 12. Bxe6 fxe6 13. Qxe6+ Kh8 14. Nxd7
Qxd7 15. Qxd7 Nxd7 16. Bxe7 Rxf2 17. e4 Re8 18. Bh4 Rxg2 19. e5 Rg4 20. d5 Rxh4
21. e6 Nf6 22. Rhe1 Rh5 23. d6 cxd6 24. Rxd6 b4 25. Na4 Rd5 26. Rb6 Rb5 27. Rd6
Ne4 28. Rd7 h6 29. e7 Kg8 30. Rf1 Nf6 31. Rc7 Kf7 32. Nc5 Rxe7 33. Rxe7+ Kxe7
34. Re1+ Kf7 35. Nd3 Kf8 36. Nf4 Be4 37. Kd2 g5 38. Nd3 Rd5 39. Re3 Kg7 40. h3
Kg6 41. Ke2 Bxd3+ 42. Rxd3 Rxd3 43. Kxd3 Kh5 44. Kc4 g4 45. hxg4+ Kxg4 46. Kxb4
h5 47. Ka5 h4 48. Kxa6 h3 49. b4 h2 50. a4 h1=Q 51. b5 Qa8+ 52. Kb6 Qxa4 53.
Kc6 Qc4+ 54. Kb6 Nd5+ 55. Ka5 Nc7 56. Kb6 Qxb5+ 57. Ka7 Ne6 58. Ka8 Nc5 59. Ka7
Qb7# 0-1

[Event "DEM U12/U12w 2010"]
[Site "Oberhof GER"]
[Date "2010.05.27"]
[Round "8"]
[White "Mann, Johannes"]
[Black "Reksten, Anne"]
[Result "1-0"]
[Termination "normal"]
[Board "29"]
[WhiteElo "1657"]
[BlackElo "1383"]
[PlyCount "85"]
[WhiteFideId "24691380"]
[BlackFideId "24692778"]
[EventCountry "GER"]
[EventRounds "11"]
[EventType "swiss"]
[EventDate "2010.05.22"]

1. e4 c6 2. d4 d5 3. e5 Bf5 4. g4 Bd7 5. h3 e6 6. Be3 Qb6 7. Qc1 c5 8. c3 Nc6
9. Qd2 Rc8 10. f4 Nh6 11. Nf3 Be7 12. Be2 c4 13. O-O Qc7 14. Nh2 b5 15. f5 Ng8
16. Bg5 f6 17. exf6 Qg3+ 18. Kh1 Nxf6 19. Rf3 Qc7 20. Bxf6 Bxf6 21. g5 Be7 22.
f6 Bf8 23. f7+ Kd8 24. g6 h6 25. Ng4 Ne7 26. Ne5 Nf5 27. Na3 a6 28. Nc2 Bd6 29.
Qf4 Ke7 30. Ne3 Nxe3 31. Rxe3 b4 32. Rg1 bxc3 33. bxc3 Bb5 34. Qh4+ Kf8 35. Ng4
Be7 36. Qh5 Ba4 37. Rxe6 Bc2 38. Qxd5 Bd3 39. Bxd3 cxd3 40. Ne5 Rd8 41. Qc6 Qa7
42. Nxd3 Qxd4 43. cxd4 1-0

[Event "DEM U12/U12w 2010"]
[Site "Oberhof GER"]
[Date "2010.05.27"]
[Round "8"]
[White "Schmekel, Florian"]
[Black "Böhm, Jana"]
[Result "1-0"]
[Termination "normal"]
[Board "30"]
[WhiteElo "1523"]
[BlackElo "1298"]
[PlyCount "123"]
[WhiteFideId "12913456"]
[BlackFideId "24661589"]
[EventCountry "GER"]
[EventRounds "11"]
[EventType "swiss"]
[EventDate "2010.05.22"]

1. d4 Nf6 2. c4 g6 3. Nc3 Bg7 4. e4 d6 5. f3 O-O 6. Be3 e5 7. d5 c6 8. Qd2 cxd5
9. cxd5 Nbd7 10. O-O-O Qc7 11. Kb1 a6 12. Nge2 Nb6 13. Nc1 Bd7 14. Nb3 Rfc8 15.
Rc1 Qd8 16. Bd3 Nc4 17. Bxc4 Rxc4 18. Rc2 b5 19. Rhc1 Ne8 20. Ne2 Rxc2 21. Rxc2
Rc8 22. Rxc8 Qxc8 23. Qc3 Qxc3 24. Nxc3 f5 25. h3 Nf6 26. a3 fxe4 27. fxe4 Nh5
28. Ne2 Bf6 29. Na5 Bd8 30. Nc6 Bxc6 31. dxc6 Bc7 32. Nc3 Nf6 33. g4 Kf7 34.
Bg5 Ne8 35. Nd5 Ke6 36. Nxc7+ Nxc7 37. Bd8 Ne8 38. Kc2 Ng7 39. Kc3 h5 40. Kb4
hxg4 41. hxg4 Ne8 42. Ka5 d5 43. exd5+ Kxd5 44. c7 Nd6 45. Kxa6 Kc6 46. Ka5
Nb7+ 47. Kb4 Kd7 48. Kxb5 Nxd8 49. cxd8=Q+ Kxd8 50. Kc5 Ke7 51. Kd5 Kf6 52. b4
Kg5 53. b5 Kf4 54. b6 e4 55. b7 e3 56. b8=Q+ Kf3 57. Qb1 Kf2 58. Qxg6 e2 59.
Qf5+ Ke1 60. Kd4 Kd2 61. Qd3+ Ke1 62. Ke3 1-0

[Event "DEM U12/U12w 2010"]
[Site "Oberhof GER"]
[Date "2010.05.27"]
[Round "8"]
[White "Schumann, Rabea"]
[Black "Scheinhütte, Jakob"]
[Result "0-1"]
[Termination "normal"]
[Board "31"]
[WhiteElo "1140"]
[BlackElo "1582"]
[PlyCount "92"]
[WhiteFideId "12918199"]
[BlackFideId "24693944"]
[EventCountry "GER"]
[EventRounds "11"]
[EventType "swiss"]
[EventDate "2010.05.22"]

1. e4 e6 2. d4 d5 3. e5 c5 4. c3 Nc6 5. Nf3 Nge7 6. Bd3 Qb6 7. a3 a5 8. b3 Bd7
9. Bb2 c4 10. Be2 cxb3 11. O-O a4 12. c4 dxc4 13. Bxc4 Na5 14. Be2 Nd5 15. g3
Rc8 16. Nbd2 Be7 17. Rc1 O-O 18. Ne4 h6 19. Qd2 Nc6 20. Nc3 Nxc3 21. Rxc3 Rfd8
22. Rfc1 Bf8 23. Qe3 Ne7 24. Rxc8 Rxc8 25. Rxc8 Bxc8 26. Bd3 Nd5 27. Qe4 g6 28.
Bc4 Qa5 29. Ne1 Bd7 30. Ng2 Bc6 31. Qe2 Nc7 32. h4 Bb5 33. Ne3 Qa6 34. Kg2 Bxc4
35. Qxc4 Qc6+ 36. Kf1 Qxc4+ 37. Nxc4 b5 38. Nd2 b4 39. axb4 Bxb4 40. Nc4 Nb5
41. Ke2 a3 42. Ba1 Bc3 43. Bxc3 Nxc3+ 44. Kd3 a2 45. Kxc3 a1=Q+ 46. Kxb3 Qxd4
0-1

[Event "DEM U12/U12w 2010"]
[Site "Oberhof GER"]
[Date "2010.05.27"]
[Round "8"]
[White "Greif, Gavin"]
[Black "Pfreundt, Jakob"]
[Result "1-0"]
[Termination "normal"]
[Board "32"]
[WhiteElo "1678"]
[BlackElo "1297"]
[PlyCount "65"]
[WhiteFideId "24662429"]
[BlackFideId "12918156"]
[EventCountry "GER"]
[EventRounds "11"]
[EventType "swiss"]
[EventDate "2010.05.22"]

1. e4 Nf6 2. Nc3 d5 3. exd5 Nxd5 4. Nxd5 Qxd5 5. d4 Nc6 6. Nf3 Bg4 7. Be3 Bxf3
8. Qxf3 Qxf3 9. gxf3 O-O-O 10. O-O-O e6 11. Bh3 Bd6 12. f4 Kb8 13. f5 exf5 14.
Bxf5 g6 15. Be4 f5 16. Bxc6 bxc6 17. Bg5 Rd7 18. Rde1 h6 19. Bf6 Rg8 20. h3 Rf8
21. Be5 Bxe5 22. dxe5 Re7 23. Re3 f4 24. Re4 Rf5 25. e6 Rf6 26. Rhe1 Kb7 27.
Re5 g5 28. Kd2 c5 29. Kc3 Kc6 30. Kc4 Rg6 31. Rxc5+ Kd6 32. Kb5 Rgxe6 33. Rd1#
1-0

[Event "DEM U12/U12w 2010"]
[Site "Oberhof GER"]
[Date "2010.05.27"]
[Round "8"]
[White "Gerken, Frieso"]
[Black "Gaßmann, Linda"]
[Result "1/2-1/2"]
[Termination "normal"]
[Board "33"]
[WhiteElo "1434"]
[BlackElo "1862"]
[PlyCount "64"]
[WhiteFideId "1270505"]
[BlackFideId "12900451"]
[EventCountry "GER"]
[EventRounds "11"]
[EventType "swiss"]
[EventDate "2010.05.22"]

1. e4 e5 2. Nf3 Nf6 3. Nxe5 d6 4. Nf3 Nxe4 5. d4 d5 6. Bd3 Be7 7. O-O O-O 8. c4
c6 9. Nc3 Nxc3 10. bxc3 Bg4 11. h3 Bxf3 12. Qxf3 dxc4 13. Bxc4 Nd7 14. Re1 Nf6
15. Rb1 Rb8 16. Bf4 Bd6 17. Rb3 Bxf4 18. Qxf4 Qd7 19. Reb1 Rfe8 20. a4 b6 21.
Rb4 Nd5 22. Bxd5 cxd5 23. c4 Rbd8 24. c5 Re4 25. Qf3 bxc5 26. Rb8 cxd4 27. R1b7
Re1+ 28. Kh2 Qd6+ 29. g3 Re7 30. Rxd8+ Qxd8 31. Rxe7 Qxe7 32. Qxd5 h6 1/2-1/2

[Event "DEM U12/U12w 2010"]
[Site "Oberhof GER"]
[Date "2010.05.27"]
[Round "8"]
[White "Koch, Elisabeth"]
[Black "Altstadt, Karl-Simon"]
[Result "0-1"]
[Termination "normal"]
[Board "34"]
[WhiteElo "1370"]
[BlackElo "1401"]
[PlyCount "80"]
[WhiteFideId "24695068"]
[BlackFideId "24696676"]
[EventCountry "GER"]
[EventRounds "11"]
[EventType "swiss"]
[EventDate "2010.05.22"]

1. e4 c5 2. Nf3 d6 3. d4 cxd4 4. Nxd4 Nf6 5. Nc3 a6 6. Be3 e6 7. f3 Be7 8. Qd2
Bd7 9. O-O-O b5 10. g4 b4 11. Nce2 a5 12. g5 Nh5 13. Bh3 g6 14. Bg4 Ng7 15. h4
e5 16. Nb3 a4 17. Na1 Bxg4 18. fxg4 Nc6 19. h5 a3 20. b3 Ne6 21. Rdf1 Bxg5 22.
Ng3 Bxe3 23. Qxe3 Qg5 24. Qxg5 Nxg5 25. hxg6 fxg6 26. c3 bxc3 27. Kb1 Nd4 28.
Rc1 Rc8 29. Nc2 Nb5 30. Rhd1 Nf3 31. Rd5 Nd2+ 32. Ka1 Rc5 33. Ne3 Rf8 34. b4
Rxd5 35. Nxd5 Rf3 36. Ne2 Nxe4 37. Kb1 Rd3 38. Nb6 Rd2 39. Ng1 c2+ 40. Rxc2
Nbc3+ 0-1

[Event "DEM U12/U12w 2010"]
[Site "Oberhof GER"]
[Date "2010.05.27"]
[Round "8"]
[White "Kempe, Anne"]
[Black "Wendland, Tobias"]
[Result "1-0"]
[Termination "normal"]
[Board "35"]
[WhiteElo "1369"]
[BlackElo "1630"]
[PlyCount "79"]
[WhiteFideId "12918083"]
[BlackFideId "24662267"]
[EventCountry "GER"]
[EventRounds "11"]
[EventType "swiss"]
[EventDate "2010.05.22"]

1. e4 e6 2. d4 d5 3. Nc3 Nf6 4. Bg5 Bb4 5. e5 h6 6. Bxf6 Bxc3+ 7. bxc3 gxf6 8.
f4 fxe5 9. fxe5 Qh4+ 10. Ke2 c5 11. Nf3 Qe7 12. Qd2 b6 13. g3 Ba6+ 14. Kf2 Bxf1
15. Rhxf1 c4 16. Kg2 Nd7 17. Rf2 O-O-O 18. a4 h5 19. Ng5 Rdf8 20. Raf1 f5 21.
exf6 Rxf6 22. Rxf6 Nxf6 23. Re1 Qd7 24. Ra1 Rf8 25. a5 Ng4 26. Nf3 b5 27. h3
Nf6 28. Ng5 a6 29. Qe3 Nh7 30. Nxh7 Qxh7 31. Qxe6+ Kc7 32. Qb6+ Kc8 33. Qxa6+
Kb8 34. Qd6+ Ka7 35. Qxf8 Qxc2+ 36. Qf2 Qxc3 37. Ra2 b4 38. a6 Qd3 39. Qf7+ Kb6
40. Qb7# 1-0

[Event "DEM U12/U12w 2010"]
[Site "Oberhof GER"]
[Date "2010.05.27"]
[Round "8"]
[White "Böhme, Mathis"]
[Black "Röhlich, Philipp"]
[Result "0-1"]
[Termination "normal"]
[Board "37"]
[WhiteElo "1080"]
[BlackElo "1690"]
[PlyCount "64"]
[WhiteFideId "12900443"]
[BlackFideId "24692832"]
[EventCountry "GER"]
[EventRounds "11"]
[EventType "swiss"]
[EventDate "2010.05.22"]

1. e4 c5 2. c3 e6 3. Nf3 Nc6 4. d4 d5 5. e5 Qb6 6. Be2 Bd7 7. O-O Be7 8. b3 Nh6
9. Bd3 cxd4 10. Bc2 dxc3 11. Nxc3 Nb4 12. Bb1 Rc8 13. a3 Rxc3 14. axb4 a6 15.
Qe1 Bxb4 16. Bd2 Rxb3 17. Qc1 Bxd2 18. Qxd2 O-O 19. Qc2 g6 20. h4 Rc8 21. Qd2
Nf5 22. Bxf5 exf5 23. Qh6 Rxf3 24. gxf3 Qd4 25. Qg5 Qxe5 26. Rab1 Bc6 27. Rfe1
Qc3 28. Re3 Qc2 29. Rbe1 d4 30. R3e2 Qd3 31. Rd2 Qxf3 32. Rxd4 Qh1# 0-1

[Event "DEM U12/U12w 2010"]
[Site "Oberhof GER"]
[Date "2010.05.27"]
[Round "8"]
[White "Trotzke, Johannes"]
[Black "Niemeyer, Maximilian"]
[Result "0-1"]
[Termination "normal"]
[Board "38"]
[WhiteElo "1357"]
[BlackElo "793"]
[PlyCount "46"]
[WhiteFideId "12918105"]
[EventCountry "GER"]
[EventRounds "11"]
[EventType "swiss"]
[EventDate "2010.05.22"]

1. e4 e5 2. Nf3 Nc6 3. Bc4 Bc5 4. b4 Bb6 5. a4 a6 6. Bb2 d6 7. O-O Nf6 8. Nc3
Be6 9. Nd5 Nxe4 10. d3 Nf6 11. Nxb6 cxb6 12. Bxe6 fxe6 13. Bc3 O-O 14. d4 Ne4
15. Bb2 Ng5 16. dxe5 Nxf3+ 17. gxf3 Qg5+ 18. Kh1 dxe5 19. Qd7 Qf5 20. f4 Rf7
21. Qd2 Rf6 22. fxe5 Qf3+ 23. Kg1 Rg6+ 0-1

[Event "DEM U12/U12w 2010"]
[Site "Oberhof GER"]
[Date "2010.05.27"]
[Round "8"]
[White "Mierzwa, Robert"]
[Black "Kluge, Leyla"]
[Result "1-0"]
[Termination "normal"]
[Board "39"]
[WhiteElo "1345"]
[BlackElo "1199"]
[PlyCount "137"]
[WhiteFideId "12918113"]
[BlackFideId "12918172"]
[EventCountry "GER"]
[EventRounds "11"]
[EventType "swiss"]
[EventDate "2010.05.22"]

1. d4 d5 2. Nf3 Nf6 3. g3 g6 4. Bg2 Bg7 5. O-O O-O 6. c4 e6 7. b3 b6 8. Bb2 Bb7
9. Nc3 Nbd7 10. Re1 a6 11. Nd2 Rb8 12. e4 dxe4 13. Ndxe4 Nxe4 14. Nxe4 c5 15.
Rb1 Nf6 16. Nxf6+ Bxf6 17. Bxb7 Rxb7 18. dxc5 Qxd1 19. Rexd1 Bxb2 20. Rxb2 bxc5
21. Rd6 Rc8 22. Rxa6 Kf8 23. Rd2 Ke7 24. Rdd6 Rbc7 25. Kf1 Rb8 26. Ke2 Rbc8 27.
f3 Rb8 28. Kd2 Rbc8 29. Kc2 Rb8 30. Rdc6 Rxc6 31. Rxc6 Ra8 32. a4 Ra5 33. Rb6
Kd7 34. Rb5 Rxb5 35. axb5 Kc7 36. Kc3 Kb6 37. b4 f5 38. bxc5+ Kxc5 39. Kd3 e5
40. h4 h6 41. Kc3 g5 42. hxg5 hxg5 43. Kd3 Kb6 44. g4 e4+ 45. fxe4 fxe4+ 46.
Kxe4 Kc5 47. Kf5 Kd6 48. b6 Kc6 49. c5 Kb7 50. Kxg5 Kc6 51. Kf6 Kb7 52. g5 Kc8
53. b7+ Kxb7 54. c6+ Kxc6 55. Kf7 Kd6 56. g6 Kd7 57. g7 Kd6 58. g8=Q Ke5 59.
Qd8 Kf4 60. Qd5 Ke3 61. Kf6 Kf4 62. Qd4+ Kf3 63. Kg5 Ke2 64. Qc3 Kf2 65. Kg4
Ke2 66. Kf4 Kd1 67. Qb2 Ke1 68. Ke3 Kf1 69. Qf2# 1-0

[Event "DEM U12/U12w 2010"]
[Site "Oberhof GER"]
[Date "2010.05.27"]
[Round "8"]
[White "von Reppert, Marc"]
[Black "Buchberger, Tamara"]
[Result "1-0"]
[Termination "normal"]
[Board "40"]
[WhiteElo "1321"]
[BlackElo "1088"]
[PlyCount "85"]
[WhiteFideId "12918130"]
[EventCountry "GER"]
[EventRounds "11"]
[EventType "swiss"]
[EventDate "2010.05.22"]

1. d4 d5 2. c4 e6 3. Nc3 Nf6 4. Bg5 Nbd7 5. e3 c6 6. c5 Qa5 7. a3 Ne4 8. b4
Nxc3 9. Qc2 Qc7 10. Qxc3 f6 11. Bh4 Be7 12. Nf3 Nf8 13. Bg3 Qd8 14. Bd3 Ng6 15.
Rb1 O-O 16. O-O b5 17. Ra1 a6 18. a4 Bb7 19. axb5 axb5 20. Rxa8 Qxa8 21. Ra1
Qd8 22. Ra7 Qd7 23. Qa3 Qc8 24. Qa1 Bd8 25. h4 Bc7 26. Bxc7 Qxc7 27. Qb1 f5 28.
h5 Nh8 29. Ne5 Qb8 30. Ra5 Bc8 31. Nxc6 Qc7 32. Bxb5 Nf7 33. Ra7 Bb7 34. Na5
Rb8 35. c6 Qb6 36. Rxb7 Rxb7 37. Nxb7 Qxb5 38. Qc2 Qxb4 39. c7 Qe1+ 40. Kh2 Nh6
41. c8=Q+ Kf7 42. Q2c7+ Kf6 43. Q8d8# 1-0

[Event "DEM U12/U12w 2010"]
[Site "Oberhof GER"]
[Date "2010.05.27"]
[Round "8"]
[White "Sherif, Amina"]
[Black "Gheng, Christian"]
[Result "0-1"]
[Termination "normal"]
[Board "41"]
[WhiteElo "1081"]
[BlackElo "1574"]
[PlyCount "100"]
[WhiteFideId "12911690"]
[BlackFideId "24660345"]
[EventCountry "GER"]
[EventRounds "11"]
[EventType "swiss"]
[EventDate "2010.05.22"]

1. e4 c5 2. Nc3 Nc6 3. f4 g6 4. Nf3 Bg7 5. Bc4 e6 6. d3 Nge7 7. O-O d5 8. exd5
exd5 9. Bb5 O-O 10. Qe1 a6 11. Bxc6 Nxc6 12. Qh4 Qxh4 13. Nxh4 Rd8 14. Re1 Nd4
15. Rb1 Nxc2 16. Rf1 Nb4 17. Rd1 Bf6 18. Nf3 Bf5 19. a3 Nxd3 20. Ra1 d4 21. Ne2
Nxc1 22. Raxc1 Rac8 23. b4 d3 24. Ng3 c4 25. Nxf5 gxf5 26. Kf2 Bb2 27. Rb1 c3
28. Rf1 c2 29. Rxb2 d2 30. Nxd2 Rxd2+ 31. Ke3 Rxg2 32. Rc1 Rxh2 33. Kd3 h5 34.
Rcxc2 Rcxc2 35. Rxc2 Rxc2 36. Kxc2 h4 37. Kc3 h3 38. Kc4 h2 39. b5 h1=Q 40.
bxa6 Qc6+ 41. Kd4 Qxa6 42. Ke5 Qxa3 43. Kxf5 Qc5+ 44. Kf6 b5 45. f5 b4 46. Kg5
b3 47. Kh6 b2 48. f6 Qd6 49. Kg5 b1=Q 50. Kh6 Qg6# 0-1

[Event "DEM U12/U12w 2010"]
[Site "Oberhof GER"]
[Date "2010.05.27"]
[Round "8"]
[White "Kast, Larissa"]
[Black "Blösch, Christoph"]
[Result "0-1"]
[Termination "normal"]
[Board "42"]
[WhiteElo "1136"]
[BlackElo "1332"]
[PlyCount "78"]
[WhiteFideId "24699055"]
[BlackFideId "12918121"]
[EventCountry "GER"]
[EventRounds "11"]
[EventType "swiss"]
[EventDate "2010.05.22"]

1. e4 e5 2. Nf3 Nf6 3. Nxe5 d6 4. Nf3 Nxe4 5. Nc3 Nxc3 6. dxc3 Bg4 7. Bf4 g6 8.
Qd2 Bxf3 9. gxf3 Bg7 10. O-O-O O-O 11. Bc4 Nc6 12. Rdg1 Ne5 13. Be2 Re8 14. Bh6
Qh4 15. Bxg7 Kxg7 16. f4 Nd7 17. Qd4+ Qf6 18. Qxf6+ Kxf6 19. Bd3 Re7 20. Kd2
Nc5 21. Re1 Rae8 22. Bc4 Ne4+ 23. Kc1 Nxf2 24. Rxe7 Rxe7 25. Rf1 Ng4 26. Rg1
Kf5 27. h3 Ne3 28. Re1 Kxf4 29. Bb3 f5 30. Kd2 Re5 31. Bg8 h6 32. Bf7 g5 33.
Bb3 Kf3 34. a4 Kf2 35. Re2+ Kf3 36. a5 c5 37. Ba2 c4 38. Rh2 Rd5+ 39. Ke1 Rd1#
0-1

[Event "DEM U12/U12w 2010"]
[Site "Oberhof GER"]
[Date "2010.05.27"]
[Round "8"]
[White "Wanner, Lukas"]
[Black "Niggl, Michael"]
[Result "0-1"]
[Termination "normal"]
[Board "43"]
[WhiteElo "1309"]
[BlackElo "1275"]
[PlyCount "130"]
[WhiteFideId "12918148"]
[BlackFideId "12918164"]
[EventCountry "GER"]
[EventRounds "11"]
[EventType "swiss"]
[EventDate "2010.05.22"]

1. e4 c5 2. Nf3 Nc6 3. d4 cxd4 4. Nxd4 Nf6 5. Nc3 g6 6. Be3 Bg7 7. f3 O-O 8.
Bc4 d6 9. Qd2 Qc7 10. Bb3 b6 11. Nd5 Qd7 12. Ba4 Bb7 13. Nb4 a6 14. Ndxc6 b5
15. Na5 bxa4 16. Nxb7 Qxb7 17. O-O Rfc8 18. c3 Nd7 19. Qd5 Qxd5 20. Nxd5 Kf8
21. Rfd1 a3 22. bxa3 Bxc3 23. Nxc3 Rxc3 24. Bc1 Rb8 25. Rd2 Rbc8 26. Bb2 Rc2
27. Rxc2 Rxc2 28. Bd4 e5 29. Be3 Nf6 30. Rd1 Ne8 31. Rb1 Rxa2 32. Bh6+ Ke7 33.
Rb7+ Kf6 34. g4 g5 35. Rb8 Nc7 36. Rb6 Rd2 37. Rc6 Nb5 38. Rxa6 Rd3 39. a4 Nc7
40. Rc6 Ne6 41. h4 gxh4 42. a5 Rxf3 43. a6 Ra3 44. Rxd6 Ke7 45. Rb6 Nc5 46. Rb8
Rxa6 47. Bf8+ Kf6 48. Bxc5 Ra4 49. Bf2 Rxe4 50. Bxh4+ Kg7 51. Kh2 Rxg4 52. Bg3
e4 53. Rb4 f5 54. Kh3 h5 55. Rb6 e3 56. Be5+ Kg8 57. Rf6 e2 58. Bc3 f4 59. Rf5
Rg3+ 60. Kh4 Rxc3 61. Re5 f3 62. Kg3 h4+ 63. Kf2 Rc1 64. Rg5+ Kh7 65. Re5 Rf1+
0-1

[Event "DEM U12/U12w 2010"]
[Site "Oberhof GER"]
[Date "2010.05.27"]
[Round "8"]
[White "Holle, Niklas"]
[Black "Alsheimer, Lea"]
[Result "1/2-1/2"]
[Termination "normal"]
[Board "44"]
[WhiteElo "1024"]
[BlackElo "1127"]
[PlyCount "69"]
[BlackFideId "12918180"]
[EventCountry "GER"]
[EventRounds "11"]
[EventType "swiss"]
[EventDate "2010.05.22"]

1. e4 d5 2. exd5 Qxd5 3. Nc3 Qd6 4. Nf3 Nf6 5. Bc4 a6 6. O-O Nc6 7. d4 Bg4 8.
d5 Bxf3 9. Qxf3 Nd4 10. Qd3 c5 11. Ne4 Nxe4 12. Qxe4 f5 13. Qd3 h6 14. c3 Nb5
15. Bxb5+ axb5 16. Qxb5+ Qd7 17. Qxc5 e6 18. dxe6 Bxc5 19. exd7+ Kxd7 20. Bf4
g5 21. b4 gxf4 22. bxc5 Rhg8 23. Rad1+ Kc8 24. Rfe1 Rxa2 25. Ra1 Rc2 26. Rac1
Ra2 27. Ra1 Rc2 28. Rac1 Rxc1 29. Rxc1 Kc7 30. Rb1 h5 31. f3 h4 32. h3 Re8 33.
Kf2 Re3 34. c4 Rc3 35. Rb4 1/2-1/2

[Event "DEM U12/U12w 2010"]
[Site "Oberhof GER"]
[Date "2010.05.27"]
[Round "8"]
[White "Azizowa, Laura"]
[Black "Sadjjadi, Anahita"]
[Result "1-0"]
[Termination "normal"]
[Board "45"]
[WhiteElo "1078"]
[BlackElo "1016"]
[PlyCount "71"]
[EventCountry "GER"]
[EventRounds "11"]
[EventType "swiss"]
[EventDate "2010.05.22"]

1. e4 d5 2. exd5 Qxd5 3. Nc3 Qa5 4. d4 c6 5. Bd3 Bg4 6. Qxg4 Nf6 7. Qc8+ Qd8 8.
Qxb7 Nbd7 9. Qxc6 Rc8 10. Qf3 Qc7 11. Bf4 Qd8 12. O-O-O e6 13. Nge2 Be7 14. g4
Nb6 15. Bb5+ Nfd7 16. Bxd7+ Nxd7 17. Be5 Bg5+ 18. Kb1 Nxe5 19. dxe5 Qb6 20. Nd4
O-O 21. Nb3 Rb8 22. h4 Be7 23. Qg3 a5 24. f4 a4 25. Nxa4 Qb4 26. Nc3 Bc5 27. h5
Qb7 28. f5 Rbd8 29. Nxc5 Rxd1+ 30. Rxd1 Qc6 31. Nd7 Rd8 32. Nf6+ gxf6 33. Rxd8+
Kg7 34. h6+ Kxh6 35. Qh4+ Kg7 36. Qxf6# 1-0